00205pam a2200097 a 4500020000500000041000800005100001900013245003300032260003200065300001000097 c aeng aArmstrong H.C. aGrey WolfhTextual Documents aNew YorkbPenguin Books Ltd a288p.